000 01015cam a2200217 4500
001 WB@3612-631
008 041209n2004 000 0 eng u
035 _a(Sirsi) u128265
245 _aE-planning in Scotland
260 _c2004
490 _aPlanning (for the Natural and Built Environment)
_v3 December 2004, 3(1)
520 _aThe Scottish Executive has issued advice to councils in a bid to improve the delivery of electronic planning services. "PAN70: Electronic planning service delivery" outlines how authorities can better deliver online services for communities and businesses. The advice covers website development, offering access to information, including online representations and application progress. View the planning advice note at: http://www.scotland.gov.uk/library5/planning/epan7 0-01.asp.
590 _aWB
590 _aWB
650 _aEPLANNING
650 _aPLANNING REFORM
650 _aPLANNING SYSTEM
650 _aPLANNING PORTAL
690 _aPLANNING
942 _n0
999 _c118429
_d118429